000
00448nam a2200181Ia 4500
008
151202s9999||||xx |||||||||||||| ||und||
082
_b
PNVM-1253
100
_a
आपटे ह.ना.
245
_a
मी.
260
_b
आर्यभूषण प्रेस.
260
_c
0
300
_a
0
600
_a
आपटे ह.ना.
630
_a
मी.
700
_a
आपटे ह.ना.
730
_a
मी.
942
_c
BOOK
999
_c
1267251
_d
1267248